Países que se Independizaron de España - Estadísticas

Estadísticas generales
  • Esta prueba ha sido intentada 69 veces
    23 desde el último reinicio
  • La puntuación promedio es 21 de 24
Estadísticas de respuestas
Año País % Correcto
1816 Argentina
100%
1813 Colombia
100%
1821 México
100%
1818 Chile
95%
1821 Nicaragua
95%
1821 Perú
95%
1825 Uruguay
95%
1825 Bolivia
90%
1898 Cuba
90%
1820 Ecuador
90%
1821 El Salvador
90%
1898 Filipinas
90%
1968 Guinea Ecuatorial
90%
1956 Marruecos
90%
1821 República Dominicana
90%
1811 Venezuela
90%
1811 Paraguay
86%
1640 Portugal
86%
1821 Costa Rica
81%
1821 Guatemala
81%
1821 Panamá
81%
1821 Honduras
76%
1581 Países Bajos
62%
1530 Malta
33%
No se encontraron pruebas coincidentes
Distribución de puntuación
Porcentaje de gente con cada puntuación
Porcentaje por número respondido
Historial de tus puntuaciones
No has intentado esta prueba desde el último reinicio